Disney Trivia- Letter H - Statistics

General Stats
  • This quiz has been taken 125 times
  • The average score is 12 of 17
Answer Stats
Question Answer % Correct
The villain in Peter Pan is called Captain _____ Hook
99%
When Alice visits Wonderland she meets the Queen of ______ Hearts
97%
What types of animal hang around with Scar in The Lion King? Hyena
90%
Fill in the blank from the song Under the Sea: " the newt play the flute, the carp play the _____" Harp
87%
Fill in the blank from this Tangled quote: "I have magic _____ that glows when I sing" Hair
84%
Who is the villain in frozen? Hans
84%
Who is the villain in Hercules? Hades
83%
One of the dwarves Happy
82%
Who can "Go the distance"? Hercules
78%
What type of animal is Agnes from Brave? Horse
78%
Fill in the blank from this Disney quote: "The past can ___, but the way I see it, you can either run from it or learn from it" hurt
75%
One of Donald Duck's nephews Huey
61%
Fill in the blank from the song Gaston: "for there's no man in town ____ as manly, perfect a pure paragon half
55%
Fill in the blank from Just Around the Riverbend: "for a ______ sturdy husband, who builds ______ sturdy walls" handsome
37%
Prince John's companion in Robin Hood is called Sir ____ Hiss
34%
The leader of the elephants in The Jungle Book is called Colonel ______ Hathi
16%
Where is Peter Pan and the lost boys' hideout? Hangman's tree
13%
No matching quizzes found
Score Distribution
Percent of People with Each Score
Percentile by Number Answered
Your Score History
You have not taken this quiz